00624nam a2200169 a 450000100100000000500170001000800410002702000180006804000250008608200150011110000280012624501270015426000390028130000360032050000580035670000400041400004590420201002052520.0150526s2015 dr ac 000 p spa d a9789945589504 aDO-SdBNPbspacBNPHU axxxxbxxxx1 aMoreta Jiménez, Pedro10aFrases y pensamientos que te harán mejor como ser humano /cPedro Moreta Jiménez ; prólogo David Álvarez Martín. aSanto Domingo :bSantuario,c2015. a164 p. :bil., retrs. ;c23 cm. aIncluye datos biográficos del autor en las solapas.12aÁlvarez Martín, David,epról.